|
|
|
|
| LEADER |
01048cam a2200217 u 4500 |
| 001 |
10078954 |
| 003 |
upatras |
| 005 |
20220124093909.0 |
| 008 |
090915s2015 gr f 1 gre |
| 020 |
|
|
|a 9789602105986
|
| 040 |
|
|
|a GR-PaULI
|c GR-PaULI
|b gre
|
| 082 |
1 |
4 |
|a 881
|2
|
| 100 |
|
|
|a Κοτζιούλας, Γιώργος,
|d 1909-1956
|e συγγραφέας
|9 33267
|
| 245 |
1 |
0 |
|a Ο Γιώργος Κοτζιούλας μεταφράζει αρχαίους έλληνες ποιητές :
|b ανέκδοτο αρχειακό υλικό /
|c Γιώργος Κοτζιούλας
|
| 260 |
|
|
|a Αθήνα :
|b Οδυσσέας,
|c 2015
|
| 300 |
|
|
|a 285 σ. :
|c 24 εκ.
|
| 650 |
|
0 |
|9 22274
|a Ελληνική ποίηση, Αρχαία
|x Μεταφράσεις στα Νέα Ελληνικά
|
| 942 |
|
|
|2 ddc
|c BK15
|
| 952 |
|
|
|0 0
|1 0
|2 ddc
|4 0
|6 881_000000000000000_ΚΟΤ
|7 0
|9 205966
|a LISP
|b LISP
|c BSC
|d 2016-09-30
|i 135147
|l 1
|m 1
|o 881 ΚΟΤ
|p 025000251293
|r 2024-05-31 00:00:00
|s 2024-04-26
|t 1
|w 2016-09-30
|y BK15
|
| 998 |
|
|
|c ΜΠΟΥΡΑΣ
|d 2016-09
|
| 999 |
|
|
|c 125242
|d 125242
|